La ética de los cuidados en la trayectoria universitaria de enfermería = The Ethics of Care in the Undergraduate Nursing Trajectory /

Đã lưu trong:
Chi tiết về thư mục
Tác giả chính: Perez-Lluncor, Melissa Fernanda (autor.)
Tác giả khác: Cervera-Vallejos, Mirtha Flor (autor.), Diaz-Manchay, Rosa Jeuna (autor.)
Định dạng: Bài viết
Ngôn ngữ:Tiếng Tây Ban Nha
Được phát hành: [La Habana] : Editorial Ciencias Médicas, 2022.
Những chủ đề:
Truy cập trực tuyến:https://elibro.unach.elogim.com/es/lc/unach/titulos/274457
Các nhãn: Thêm thẻ
Không có thẻ, Là người đầu tiên thẻ bản ghi này!

MARC

LEADER 00000nab a2200000 i 4500
001 ELB274457
003 FINmELB
005 20241119160015.0
006 m o d |
007 cr cnu||||||||
008 240708c20229999cu qr p o 0 0spa d
022 |a 1561-2961 
035 |a (OCoLC)1472951264 
040 |a FINmELB  |b spa  |e rda  |c FINmELB 
050 4 |a RT41  |b .P474 2022 
080 |a 614.21(045)(729.1) 
082 0 4 |a 610.73  |2 23 
100 1 |a Perez-Lluncor, Melissa Fernanda,  |e autor. 
245 1 3 |a La ética de los cuidados en la trayectoria universitaria de enfermería =  |b The Ethics of Care in the Undergraduate Nursing Trajectory /  |c Melissa Fernanda Perez-Lluncor, Mirtha Flor Cervera-Vallejos, Rosa Jeuna Diaz-Manchay. 
264 1 |a [La Habana] :  |b Editorial Ciencias Médicas,  |c 2022. 
336 |a texto  |b txt  |2 rdacontent/spa 
337 |a computadora  |b c  |2 rdamedia/spa 
338 |a recurso en línea  |b cr  |2 rdacarrier/spa 
546 |a Resumen en español e inglés. 
590 |a Recurso electrónico. Santa Fe, Arg.: elibro, 2024. Disponible vía World Wide Web. El acceso puede estar limitado para las bibliotecas afiliadas a elibro. 
650 4 |a Ética en enfermería. 
650 4 |a Estudiantes de enfermería. 
650 4 |a Educación en enfermería. 
650 4 |a Investigación cualitativa. 
655 4 |a Libros electrónicos. 
700 1 |a Cervera-Vallejos, Mirtha Flor,  |e autor. 
700 1 |a Diaz-Manchay, Rosa Jeuna,  |e autor. 
773 0 8 |i Contenida en:  |t Revista cubana de enfermería  |g Vol. 38, no. 4 (2022), p. e5084 
797 2 |a elibro, Corp. 
856 4 0 |u https://elibro.unach.elogim.com/es/lc/unach/titulos/274457